Výhody a nevýhody realizácie vysokoškolských programov dištančného vzdelávania pre pracovníkov verejnej správy

Príspevok mapuje výhody a nevýhody dištančnej formy vzdelávania a zároveň hľadá odpoveď na otázku, či možno považovať dištančnú formu štúdia za prostriedok riešenia deficitu vo vzdelávaní pracovníkov verejnej správy.

Salvato in:
Dettagli Bibliografici
Autore principale: Rózsa, Zoltán
Natura: Capitolo di libro
Lingua:slovacco
Soggetti:
Tags: Aggiungi Tag
Nessun Tag, puoi essere il primo ad aggiungerne!!

MARC

LEADER 00000nla$a2200000$$$4500
001 0129554
005 20221017110253.2
041 0 |a slo 
044 |a SK 
245 1 0 |a Výhody a nevýhody realizácie vysokoškolských programov dištančného vzdelávania pre pracovníkov verejnej správy  |c Zoltán Rózsa 
520 |a Príspevok mapuje výhody a nevýhody dištančnej formy vzdelávania a zároveň hľadá odpoveď na otázku, či možno považovať dištančnú formu štúdia za prostriedok riešenia deficitu vo vzdelávaní pracovníkov verejnej správy. 
610 2 0 |a správa verejná 
610 2 0 |a vzdelávanie dištančné 
100 1 |a Rózsa, Zoltán